Wybierz flagi państw świata - Statystyki

Ogólne statystyki
  • Ten quiz został rozwiązany 5 575 razy
  • Średni wynik to 81 z 125
Statystyki odpowiedzi
Zagadnienie Komórka Select % Poprawnych
państw liczących ponad 100 milionów obywateli Nie
98%
państw liczących ponad 100 milionów obywateli Nie
98%
państw liczących ponad 100 milionów obywateli Nie
98%
państw liczących ponad 100 milionów obywateli Tak
97%
państw liczących ponad 100 milionów obywateli Nie
97%
państw liczących ponad 100 milionów obywateli Nie
94%
państw liczących ponad 100 milionów obywateli Nie
94%
państw liczących ponad 100 milionów obywateli Tak
93%
państw liczących ponad 100 milionów obywateli Nie
93%
państw liczących ponad 100 milionów obywateli Nie
93%
państw liczących ponad 100 milionów obywateli Nie
91%
państw liczących ponad 100 milionów obywateli Nie
90%
państw liczących ponad 100 milionów obywateli Nie
89%
państw liczących ponad 100 milionów obywateli Tak
88%
państw liczących ponad 100 milionów obywateli Nie
87%
państw liczących ponad 100 milionów obywateli Nie
83%
państw liczących ponad 100 milionów obywateli Nie
82%
państw liczących ponad 100 milionów obywateli Nie
81%
państw liczących ponad 100 milionów obywateli Nie
80%
państw liczących ponad 100 milionów obywateli Tak
79%
państw graniczących z Atlantykiem (w tym połączonych mórz) Nie
75%
państw liczących ponad 100 milionów obywateli Tak
74%
państw wyspiarskich Nie
73%
państw wyspiarskich Nie
73%
państw wyspiarskich Nie
73%
państw wyspiarskich Nie
73%
państw wyspiarskich Nie
73%
państw wyspiarskich Nie
73%
państw wyspiarskich Nie
73%
państw wyspiarskich Nie
73%
państw wyspiarskich Nie
73%
państw graniczących z Atlantykiem (w tym połączonych mórz) Tak
73%
państw graniczących z Atlantykiem (w tym połączonych mórz) Nie
73%
państw graniczących z Atlantykiem (w tym połączonych mórz) Nie
73%
państw graniczących z Atlantykiem (w tym połączonych mórz) Nie
73%
państw wyspiarskich Nie
72%
państw wyspiarskich Nie
72%
państw wyspiarskich Nie
72%
państw wyspiarskich Nie
72%
państw wyspiarskich Nie
72%
państw wyspiarskich Nie
72%
państw graniczących z Atlantykiem (w tym połączonych mórz) Nie
72%
państw graniczących z Atlantykiem (w tym połączonych mórz) Nie
72%
państw wyspiarskich Nie
71%
państw wyspiarskich Nie
71%
państw wyspiarskich Nie
71%
państw graniczących z Atlantykiem (w tym połączonych mórz) Nie
71%
państw posiadających ziemie na południe od równika (nie uwzględniono terytoriów zależnych) Nie
71%
państw posiadających ziemie na południe od równika (nie uwzględniono terytoriów zależnych) Nie
71%
państw z 8 lub więcej granicami lądowymi Nie
70%
państw z 8 lub więcej granicami lądowymi Nie
70%
państw z 8 lub więcej granicami lądowymi Nie
70%
państw z 8 lub więcej granicami lądowymi Nie
70%
państw posiadających ziemie na południe od równika (nie uwzględniono terytoriów zależnych) Nie
70%
państw posiadających ziemie na południe od równika (nie uwzględniono terytoriów zależnych) Nie
70%
państw posiadających ziemie na południe od równika (nie uwzględniono terytoriów zależnych) Nie
70%
państw z 8 lub więcej granicami lądowymi Nie
69%
państw z 8 lub więcej granicami lądowymi Nie
69%
państw z 8 lub więcej granicami lądowymi Nie
69%
państw z 8 lub więcej granicami lądowymi Nie
69%
państw z 8 lub więcej granicami lądowymi Nie
69%
państw posiadających ziemie na południe od równika (nie uwzględniono terytoriów zależnych) Nie
69%
państw posiadających ziemie na południe od równika (nie uwzględniono terytoriów zależnych) Nie
69%
państw posiadających ziemie na południe od równika (nie uwzględniono terytoriów zależnych) Nie
69%
państw z 8 lub więcej granicami lądowymi Nie
68%
państw posiadających ziemie na południe od równika (nie uwzględniono terytoriów zależnych) Nie
68%
państw posiadających ziemie na południe od równika (nie uwzględniono terytoriów zależnych) Nie
68%
państw posiadających ziemie na południe od równika (nie uwzględniono terytoriów zależnych) Nie
68%
państw z 8 lub więcej granicami lądowymi Nie
67%
państw z 8 lub więcej granicami lądowymi Nie
67%
państw z 8 lub więcej granicami lądowymi Nie
67%
państw posiadających ziemie na południe od równika (nie uwzględniono terytoriów zależnych) Nie
66%
państw graniczących z Atlantykiem (w tym połączonych mórz) Tak
65%
państw posiadających ziemie na południe od równika (nie uwzględniono terytoriów zależnych) Nie
65%
państw posiadających ziemie na południe od równika (nie uwzględniono terytoriów zależnych) Nie
65%
państw z 8 lub więcej granicami lądowymi Nie
64%
państw z 8 lub więcej granicami lądowymi Nie
64%
państw wyspiarskich Tak
64%
państw wyspiarskich Tak
64%
państw z 8 lub więcej granicami lądowymi Nie
62%
państw wyspiarskich Nie
62%
państw wyspiarskich Tak
62%
państw z 8 lub więcej granicami lądowymi Tak
61%
państw wyspiarskich Tak
61%
państw posiadających ziemie na południe od równika (nie uwzględniono terytoriów zależnych) Tak
61%
państw liczących ponad 100 milionów obywateli Tak
59%
państw graniczących z Atlantykiem (w tym połączonych mórz) Tak
59%
państw graniczących z Atlantykiem (w tym połączonych mórz) Tak
59%
państw posiadających ziemie na południe od równika (nie uwzględniono terytoriów zależnych) Tak
59%
państw liczących ponad 100 milionów obywateli Tak
58%
państw wyspiarskich Tak
58%
państw graniczących z Atlantykiem (w tym połączonych mórz) Tak
58%
państw posiadających ziemie na południe od równika (nie uwzględniono terytoriów zależnych) Tak
58%
państw liczących ponad 100 milionów obywateli Tak
57%
państw z 8 lub więcej granicami lądowymi Tak
57%
państw graniczących z Atlantykiem (w tym połączonych mórz) Tak
57%
państw posiadających ziemie na południe od równika (nie uwzględniono terytoriów zależnych) Tak
57%
państw graniczących z Atlantykiem (w tym połączonych mórz) Tak
55%
państw z 8 lub więcej granicami lądowymi Nie
54%
państw posiadających ziemie na południe od równika (nie uwzględniono terytoriów zależnych) Nie
54%
państw posiadających ziemie na południe od równika (nie uwzględniono terytoriów zależnych) Nie
52%
państw posiadających ziemie na południe od równika (nie uwzględniono terytoriów zależnych) Nie
50%
państw wyspiarskich Tak
49%
państw graniczących z Atlantykiem (w tym połączonych mórz) Tak
49%
państw posiadających ziemie na południe od równika (nie uwzględniono terytoriów zależnych) Tak
47%
państw z 8 lub więcej granicami lądowymi Nie
46%
państw z 8 lub więcej granicami lądowymi Tak
45%
państw z 8 lub więcej granicami lądowymi Tak
44%
państw graniczących z Atlantykiem (w tym połączonych mórz) Tak
43%
państw posiadających ziemie na południe od równika (nie uwzględniono terytoriów zależnych) Tak
41%
państw graniczących z Atlantykiem (w tym połączonych mórz) Tak
40%
państw liczących ponad 100 milionów obywateli Tak
39%
państw z 8 lub więcej granicami lądowymi Tak
37%
państw graniczących z Atlantykiem (w tym połączonych mórz) Tak
36%
państw graniczących z Atlantykiem (w tym połączonych mórz) Tak
36%
państw graniczących z Atlantykiem (w tym połączonych mórz) Tak
35%
państw graniczących z Atlantykiem (w tym połączonych mórz) Tak
35%
państw posiadających ziemie na południe od równika (nie uwzględniono terytoriów zależnych) Tak
33%
państw graniczących z Atlantykiem (w tym połączonych mórz) Tak
31%
państw graniczących z Atlantykiem (w tym połączonych mórz) Tak
31%
państw graniczących z Atlantykiem (w tym połączonych mórz) Tak
28%
państw graniczących z Atlantykiem (w tym połączonych mórz) Tak
24%
państw z 8 lub więcej granicami lądowymi Tak
19%
państw z 8 lub więcej granicami lądowymi Tak
13%
państw posiadających ziemie na południe od równika (nie uwzględniono terytoriów zależnych) Tak
8%
Nie znaleziono quizów pasujących do podanych kryteriów
Rozkład punktacji
Procent ludzi z każdym wynikiem
Percentyl według liczby udzielonych odpowiedzi
Twoja historia wyników
Nie rozwiązałeś tego quizu